Trascendiendo fronteras

Detalles Bibliográficos
Autor principal: Purcell, Fernando
Otros Autores: Arias Trujillo, Ricardo
Formato: eBook
Lenguaje:español
Publicado: Bogot:̀ Universidad de Los Andes (Colombia), 2020
Materias:
Acceso en línea:Acceso restringido

MARC

LEADER 00000nam a22000007a 4500
005 20200722001657.0
007 cr|||| ||||
008 200722s2020 co |||||s|||| 00||0 spa d
020 |a 978-958-774-957-1 
035 |a 31861 
040 |a vLex 
090 |c 10679  |d 10679 
100 1 |a Purcell, Fernando 
245 1 0 |a Trascendiendo fronteras  |h [Recurso electrn̤ico] /  |c Fernando Purcell, Ricardo Arias Trujillo 
256 |a Servicio en ln̕ea 
260 |a Bogot:̀  |b Universidad de Los Andes (Colombia),  |c 2020 
300 |a 1 recurso electrn̤ico 
506 1 |a Disponible solo en los productos indicados  |d vLex Global  |d vLex Global (Academic Edition, excluding Law Schools)  |d vLex Global (U.S. Academic Edition, Law Schools)  |d vLex Global (U.S. Academic Edition, excluding Law Schools)  |d vLex Global (Academic Edition, Law Schools) 
650 0 4 |a Derecho Militar  |z Colombia 
700 1 |a Arias Trujillo, Ricardo 
740 0 |a vLex Libros (Servicio en ln̕ea) 
856 4 0 |u http://vlex.com/source/trascendiendo-fronteras-31861  |z Acceso restringido 
942 |c BOOK 
999 0 |a Military Law